All Grown up – European Union on the Path to Strategic Autonomy

Prezidentské voľby v roku 2016 v Spojených štátoch a budúcnosť transatlantických vzťahov. Európska únia sa stáva zodpovednejšou za svoju obranu a bezpečnosť. Európska únia a jej reakcia na voľby Donalda Trumpa.

Salvato in:
Dettagli Bibliografici
Autore principale: Fischer, Dušan
Natura: Capitolo di libro
Lingua:inglese
Soggetti:
Tags: Aggiungi Tag
Nessun Tag, puoi essere il primo ad aggiungerne!!

MARC

LEADER 00000naa a2200000 4500
001 0249168
005 20181127112630.4
041 0 |a eng 
044 |a SK 
245 1 0 |a All Grown up – European Union on the Path to Strategic Autonomy  |c Dušan Fischer 
520 |a Prezidentské voľby v roku 2016 v Spojených štátoch a budúcnosť transatlantických vzťahov. Európska únia sa stáva zodpovednejšou za svoju obranu a bezpečnosť. Európska únia a jej reakcia na voľby Donalda Trumpa. 
610 2 0 |a USA 
610 2 0 |a prezidenti 
610 2 0 |a voľby 
610 2 0 |a Európska únia 
610 2 0 |a politika bezpečnostná 
100 1 |a Fischer, Dušan